00383nam a22001457a 450000500170000001000130001702000220003003500130005203700270006508200120009210000200010424500510012426000410017530000210021620190411120201.0 aA-782656 a8172244703c75.00 aA-782656 bJaico Publishing House a795.415 aMendelson, Paul aThe right way to play bridge /cPaul Mendelson aBombaybJaico Publishing Housec1995 a192p.c22cm(pbk)